U.S. States in Russian - Statistics

General Stats
  • This quiz has been taken 99 times
  • The average score is 40 of 50
Answer Stats
State in Russian Answer % Correct
Арканзас Arkansas
93%
Монтана Montana
93%
Орегон Oregon
90%
Северная Дакота North Dakota
89%
Миннесота Minnesota
87%
Огайо Ohio
87%
Оклахома Oklahoma
87%
Техас Texas
87%
Алабама Alabama
86%
Аризона Arizona
86%
Канзас Kansas
86%
Нью-Джерси New Jersey
86%
Нью-Мексико New Mexico
86%
Нью-Йорк New York
86%
Южная Каролина South Carolina
86%
Аляска Alaska
84%
Южная Дакота South Dakota
84%
Кентукки Kentucky
83%
Массачусетс Massachusetts
83%
Северная Каролина North Carolina
83%
Колорадо Colorado
81%
Коннектикут Connecticut
81%
Юта Utah
81%
Вермонт Vermont
81%
Теннесси Tennessee
80%
Флорида Florida
79%
Миссисипи Mississippi
79%
Миссури Missouri
79%
Нью-Гэмпшир New Hampshire
79%
Западная Виргиния West Virginia
79%
Гавайи Hawaii
77%
Калифорния California
76%
Мэриленд Maryland
76%
Мичиган Michigan
76%
Пенсильвания Pennsylvania
76%
Виргиния Virginia
76%
Вашингтон Washington
76%
Висконсин Wisconsin
76%
Вайоминг Wyoming
76%
Мэн Maine
74%
Небраска Nebraska
74%
Невада Nevada
74%
Делавэр Delaware
73%
Индиана Indiana
73%
Род-Айленд Rhode Island
73%
Айдахо Idaho
71%
Айова Iowa
71%
Луизиана Louisiana
71%
Иллинойс Illinois
70%
Джорджия Georgia
69%
No matching quizzes found
Score Distribution
Percent of People with Each Score
Percentile by Number Answered
Your Score History
You have not taken this quiz